Normal view
MARC view
- Alfabeto
Entry Materia
001 - NÚMERO DE CONTROL DEL REGISTRO
- campo de control: 12
003 - IDENTIFICADOR DE NUMERO DE CONTROL
- campo de control: MX-MxUPN
005 - FECHA Y HORA DE LA ÚLTIMA TRANSACCIÓN
- campo de control: 20250306151835.0
008 - DATOS DE LONGITUD FIJA
- campo de control de longitud fija: 250306n| acnnnbabn | ana |d
035 ## - NÚMERO DE CONTROL DEL SISTEMA
- Número de control del sistema: UPN10000000012
040 ## - FUENTE DE LA CATALOGACIÓN
- Centro catalogador de origen: MX-MxUPN
- Lengua de catalogación: spa
- Agencia de transcripción: MX-MxUPN
150 ## - ENCABEZAMIENTO - TEMÁTICO
- Término de materia o nombre geográfico como elemento inicial: Alfabeto
360 ## - REFERENCIA COMPLEJA DE VÉASE ADEMÁS - MATERIA
- Texto explicativo: Véase también como subdivisión de
- Encabezamiento al que se remite: ESCRITURA
- Texto explicativo: y bajo grupos de lenguas o bajo lenguas particulares. Ej.:
- Encabezamiento al que se remite: ESPAÑOL - ALFABETO
670 ## - FUENTE EN LA QUE SE LOCALIZARON DATOS
- Cita de la fuente: E
902 ## - CATALOGADOR
- Catalogador: BDV/171105
